Penguin Basic English Grammar Exercises

Guardado en:
Detalles Bibliográficos
Autor principal: O'Driscoll, James
Formato: Libro
Lenguaje:inglés
Publicado: London Penguin Books 1990
Edición:1. ed.
Etiquetas: Agregar Etiqueta
Sin Etiquetas, Sea el primero en etiquetar este registro!

MARC

LEADER 00000nam a2200000 4500
001 c024550
005 20221215114303.0
041 0 |a eng 
044 |a GB 
245 1 0 |a Penguin Basic English Grammar  |b Exercises  |c James O'Driscoll 
250 |a 1. ed. 
264 1 |a London  |b Penguin Books  |c 1990 
300 |a 142 s. 
100 1 |a O'Driscoll, James